000 00553nam a2200241 a 4500
001 nice12345678
003 IN_TiNIC
005 20260116012316.0
008 050524s1985 dela grp 000 0 eng
020 _a
_c20
082 0 0 _a226.96
_bSIN
100 _aSingh, Herbert Jai
245 _aLord`s Prayer
260 _aDelhi
_bISPCK
_c1985
300 _a98p
500 _aincludes index and biblioraphy
505 2 _aAppendix
650 _aLord`s Prayer
700 1 _aSingh, Herbert Jai
902 _bSRS
942 _cBK
999 _c6493
_d6493